Statistics for City to countries

Click here to take the quiz!

General Stats

  • This quiz has been taken 15 times
    (6 since last reset)
  • The average score is 238 of 500

Answer Stats

CityCountry% Correct
AccraGhana
75%
AbidjanIvory Coast
75%
NiameyNiger
75%
AbujaNigeria
75%
AbaNigeria
75%
LimaPeru
75%
Abu DhabiUnited Arab Emirates
75%
Sana’aYemen
75%
KabulAfghanistan
50%
AlgiersAlgeria
50%
OranAlgeria
50%
LuandaAngola
50%
RosarioArgentina
50%
Cuidad de CórdobaArgentina
50%
Buenos AiresArgentina
50%
BrisbaneAustralia
50%
DarwinAustralia
50%
NewcastleAustralia
50%
RockhamptonAustralia
50%
SydneyAustralia
50%
Gold CoastAustralia
50%
AdelaideAustralia
50%
Alice SpringsAustralia
50%
MelbourneAustralia
50%
PerthAustralia
50%
TownsvilleAustralia
50%
Central Coast / NewcastleAustralia
50%
CairnsAustralia
50%
ViennaAustria
50%
BakuAzerbaijan
50%
NassauBahamas
50%
ManamaBahrain
50%
ChittagongBangladesh
50%
DhakaBangladesh
50%
MinskBelarus
50%
AntwerpBelgium
50%
BrusselsBelgium
50%
Belize CityBelize
50%
BelmopanBelize
50%
Porto NovoBenin
50%
CotonouBenin
50%
SucreBolivia
50%
La PazBolivia
50%
CochabambaBolivia
50%
SarajevoBosnia and Herzegovina
50%
GaboroneBotswana
50%
São LuísBrazil
50%
FortalezaBrazil
50%
BelemBrazil
50%
Belo HorizonteBrazil
50%
São PauloBrazil
50%
Porto AlegreBrazil
50%
CampinasBrazil
50%
RecifeBrazil
50%
CurtibaBrazil
50%
SalvadorBrazil
50%
Rio de JaneiroBrazil
50%
ManuasBrazil
50%
BrasiliaBrazil
50%
FlorianópolisBrazil
50%
SofiaBulgaria
50%
Phnom PenhCambodia
50%
DoualaCameroon
50%
YoundèCameroon
50%
SaskatoonCanada
50%
IqualuitCanada
50%
EdmontonCanada
50%
Fort Saint JohnCanada
50%
Quebec CityCanada
50%
VictoriaCanada
50%
OttawaCanada
50%
YellowknifeCanada
50%
TorontoCanada
50%
HamiltonCanada
50%
ReginaCanada
50%
MontrealCanada
50%
DawsonCanada
50%
WhitehorseCanada
50%
VancouverCanada
50%
WinnipegCanada
50%
HalifaxCanada
50%
Thunder BayCanada
50%
CalgaryCanada
50%
BanguiCentral African Republic
50%
N’DjamenaChad
50%
Santiago de ChileChile
50%
HarbinChina
50%
ChongqingChina
50%
ChāngśháChina
50%
Xi’anChina
50%
NanjingChina
50%
TianjinChina
50%
ChengduChina
50%
WenzhouChina
50%
ShantouChina
50%
WuhanChina
50%
QingdaoChina
50%
Hong KongChina
50%
ZhengzhouChina
50%
ShanghaiChina
50%
HéféiChina
50%
HangzhouChina
50%
GuangzhouChina
50%
BeijingChina
50%
XiamenChina
50%
ShenyangChina
50%
BogòtaColombia
50%
Santiago de CaliColombia
50%
BarranquillaColombia
50%
MedíllinColombia
50%
BarranquillaColombia
50%
San JoseCosta Rica
50%
ZagrebCroatia
50%
HavanaCuba
50%
Santiāgo dè CùbāCuba
50%
PragueCzech Republic
50%
KinshasaDemocratic Republic of the Congo
50%
Mbuji-MayiDemocratic Republic of the Congo
50%
LubumbashiDemocratic Republic of the Congo
50%
AarhusDenmark
50%
CopenhagenDenmark
50%
Santo DomingoDominican Republic
50%
DilliEast Timor
50%
QuitoEcuador
50%
GuayaquilEcuador
50%
AlexandriaEgypt
50%
GizaEgypt
50%
CairoEgypt
50%
San SalvadorEl Salvador
50%
MalaboEquatorial Guinea
50%
AsmaraEritrea
50%
TallinEstonia
50%
Addis AbabaEthiopia
50%
PalikirFederated States of Micronesia
50%
SuvaFiji
50%
HelsinkiFinland
50%
LyonFrance
50%
MarseilleFrance
50%
LilleFrance
50%
BordeauxFrance
50%
ParisFrance
50%
ToulouseFrance
50%
CayenneFrance
50%
NiceFrance
50%
LibrevilleGabon
50%
BanjulGambia
50%
BerlinGermany
50%
DortmundGermany
50%
Frankfurt am MainGermany
50%
BonnGermany
50%
CologneGermany
50%
MunichGermany
50%
DüsseldorfGermany
50%
StutgartGermany
50%
EssenGermany
50%
KumasiGhana
50%
AthensGreece
50%
Guatemala CityGuatemala
50%
ConakryGuinea
50%
GeorgetownGuyana
50%
Port-au- PrinceHaiti
50%
TegucigulpaHonduras
50%
BudapestHungary
50%
ReykjavíkIceland
50%
BhilaiIndia
50%
KochiIndia
50%
MysoreIndia
50%
AmritsarIndia
50%
NagpurIndia
50%
PatnaIndia
50%
ChennaiIndia
50%
VaranasiIndia
50%
JaipurIndia
50%
AgraIndia
50%
VishakpatnamIndia
50%
DelhiIndia
50%
AllahabadIndia
50%
KanpurIndia
50%
JammuIndia
50%
BangaloreIndia
50%
LucknowIndia
50%
ChandigarhIndia
50%
RanchiIndia
50%
HyderabadIndia
50%
PuneIndia
50%
MumbaiIndia
50%
BhopalIndia
50%
IndoreIndia
50%
MaduraiIndia
50%
AhmedabadIndia
50%
BhubaneswarIndia
50%
CoimbatoreIndia
50%
KolkataIndia
50%
SrinagarIndia
50%
NelloreIndia
50%
VijaywadaIndia
50%
VadodaraIndia
50%
SuratIndia
50%
BandungIndonesia
50%
MedanIndonesia
50%
MakassarIndonesia
50%
JakartaIndonesia
50%
SurabayaIndonesia
50%
YogyakartaIndonesia
50%
TehranIran
50%
MashhadIran
50%
IsfahanIran
50%
MosulIraq
50%
BaghdadIraq
50%
DublinIreland
50%
Tel-Aviv JaffaIsrael
50%
JerusalemIsrael
50%
MilanItaly
50%
RomeItaly
50%
VeniceItaly
50%
NaplesItaly
50%
FlorenceItaly
50%
TurinItaly
50%
YamasakoIvory Coast
50%
KingstonJamaica
50%
OsakaJapan
50%
HiroshimaJapan
50%
KyōtoJapan
50%
YokohamaJapan
50%
SapporoJapan
50%
NagoyaJapan
50%
TokyoJapan
50%
AmmanJordan
50%
Nur-SultanKazakhstan
50%
AlmatyKazakhstan
50%
MombasaKenya
50%
NairobiKenya
50%
Kuwait CityKuwait
50%
RigaLatvia
50%
BeirutLebanon
50%
TripoliLibya
50%
VilniusLithuania
50%
AntananarivoMadagascar
50%
Kuala LumpurMalaysia
50%
Johor BahruMalaysia
50%
BamakoMali
50%
MajuroMarshall Islands
50%
NouakchottMauritania
50%
Mexico CityMexico
50%
TolucaMexico
50%
GuadalajaraMexico
50%
PueblaMexico
50%
Cuidad JuarezMexico
50%
MonterreyMexico
50%
TijuanaMexico
50%
MexicaliMexico
50%
Ulan BatorMongolia
50%
CasablancaMorocco
50%
FēsMorocco
50%
RabatMorocco
50%
MarrakeshMorocco
50%
MaputoMozambique
50%
MandalayMyanmar
50%
YangonMyanmar
50%
WindhoekNamibia
50%
YarenNauru
50%
KathmanduNepal
50%
AmsterdamNetherlands
50%
RotterdamNetherlands
50%
ChristchurchNew Zealand
50%
AucklandNew Zealand
50%
WellingtonNew Zealand
50%
ManaguaNicaragua
50%
KanoNigeria
50%
Benin CityNigeria
50%
LagosNigeria
50%
IbadanNigeria
50%
KadunaNigeria
50%
PyongyangNorth Korea
50%
OsloNorway
50%
MuscatOman
50%
KarachiPakistan
50%
HyderabadPakistan
50%
RawalpindiPakistan
50%
IslamabadPakistan
50%
LahorePakistan
50%
PeshawarPakistan
50%
FaisalabadPakistan
50%
Panama CityPanama
50%
Port MoresbyPapua New Guinea
50%
AsuncionParaguay
50%
ManilaPhilippines
50%
CebuPhilippines
50%
WarsawPoland
50%
PortoPortugal
50%
LisbonPortugal
50%
DohaQatar
50%
Pointe-NoireRepublic of the Congo
50%
BrazzavilleRepublic of the Congo
50%
BucharestRomania
50%
Saint PetersburgRussia
50%
NovosibirskRussia
50%
MoscowRussia
50%
KazanRussia
50%
UfaRussia
50%
Rostov-na-DonuRussia
50%
PermRussia
50%
KigaliRwanda
50%
ApiaSamoa
50%
JeddahSaudi Arabia
50%
RiyadhSaudi Arabia
50%
MeccaSaudi Arabia
50%
DakarSenegal
50%
BelgradeSerbia
50%
SingaporeSingapore
50%
HoniaraSolomon Islands
50%
MogadishuSomalia
50%
Port ElizabethSouth Africa
50%
JohannesburgSouth Africa
50%
Cape TownSouth Africa
50%
DurbanSouth Africa
50%
BusanSouth Korea
50%
SeoulSouth Korea
50%
DaeguSouth Korea
50%
JubaSouth Sudan
50%
MadridSpain
50%
Cuidad ValenciaSpain
50%
SevilleSpain
50%
BarcelonaSpain
50%
KhartoumSudan
50%
Port SudanSudan
50%
StockholmSweden
50%
BernSwitzerland
50%
ZurichSwitzerland
50%
AllepoSyria
50%
DamascusSyria
50%
TaipeiTaiwan
50%
Dar Es SalaamTanzania
50%
DodomaTanzania
50%
BangkokThailand
50%
LòmeTogo
50%
Nuku’ alofaTonga
50%
Port of SpainTrinidad and Tobago
50%
TunisTunisia
50%
IstanbulTurkey
50%
iZmirTurkey
50%
AnkaraTurkey
50%
AshgabatTurkmenistan
50%
Funafuti AtollTuvalu
50%
KampalaUganda
50%
OdessaUkraine
50%
KievUkraine
50%
KharkivUkraine
50%
DubaiUnited Arab Emirates
50%
SouthamptonUnited Kingdom
50%
BirminghamUnited Kingdom
50%
ManchesterUnited Kingdom
50%
LiverpoolUnited Kingdom
50%
EdinburghUnited Kingdom
50%
LondonUnited Kingdom
50%
CardiffUnited Kingdom
50%
StanelyUnited Kingdom
50%
Newcastle upon TyneUnited Kingdom
50%
LeedsUnited Kingdom
50%
BoulderUnited States of America
50%
BakersfieldUnited States of America
50%
Colorado SpringsUnited States of America
50%
San FranciscoUnited States of America
50%
AtlantaUnited States of America
50%
OmahaUnited States of America
50%
BrownsvilleUnited States of America
50%
BoiseUnited States of America
50%
FresnoUnited States of America
50%
AnchorageUnited States of America
50%
Winston-SalemUnited States of America
50%
RochesterUnited States of America
50%
TulsaUnited States of America
50%
ClevelandUnited States of America
50%
MilwaukeeUnited States of America
50%
San Bernardino-RiversideUnited States of America
50%
HonoluluUnited States of America
50%
PittsburghUnited States of America
50%
BaltimoreUnited States of America
50%
DetroitUnited States of America
50%
McAllenUnited States of America
50%
PhoenixUnited States of America
50%
AustinUnited States of America
50%
Green BayUnited States of America
50%
SalemUnited States of America
50%
TucsonUnited States of America
50%
NashvilleUnited States of America
50%
CharlotteUnited States of America
50%
BridgeportUnited States of America
50%
IndianapolisUnited States of America
50%
HarrisburgUnited States of America
50%
WichitaUnited States of America
50%
HoustonUnited States of America
50%
BuffaloUnited States of America
50%
San JuanUnited States of America
50%
El PasoUnited States of America
50%
SeattleUnited States of America
50%
San AntonioUnited States of America
50%
OrlandoUnited States of America
50%
RenoUnited States of America
50%
BostonUnited States of America
50%
LouisvilleUnited States of America
50%
Oklahoma CityUnited States of America
50%
Los AngelesUnited States of America
50%
New OrleansUnited States of America
50%
Tampa-Saint PetersburgUnited States of America
50%
JacksonvilleUnited States of America
50%
San DiegoUnited States of America
50%
DenverUnited States of America
50%
Sioux FallsUnited States of America
50%
Washington D.C.United States of America
50%
JuneauUnited States of America
50%
Corpus ChristiUnited States of America
50%
SacramentoUnited States of America
50%
HartfordUnited States of America
50%
MinneapolisUnited States of America
50%
StocktonUnited States of America
50%
Las VegasUnited States of America
50%
Cape CoralUnited States of America
50%
PortlandUnited States of America
50%
Saint LouisUnited States of America
50%
RichmondUnited States of America
50%
AlbanyUnited States of America
50%
EdisonUnited States of America
50%
MobileUnited States of America
50%
Virginia BeachUnited States of America
50%
CincinnatiUnited States of America
50%
ProvidenceUnited States of America
50%
PhiladelphiaUnited States of America
50%
ChicagoUnited States of America
50%
New York CityUnited States of America
50%
Dallas-Fort WorthUnited States of America
50%
MemphisUnited States of America
50%
FairbanksUnited States of America
50%
GreensboroUnited States of America
50%
MiamiUnited States of America
50%
BillingsUnited States of America
50%
OlympiaUnited States of America
50%
TrentonUnited States of America
50%
AlbuquerqueUnited States of America
50%
Salt Lake CityUnited States of America
50%
Kansas CityUnited States of America
50%
MontevideoUruguay
50%
TashkentUzbekistan
50%
Port VilaVanuatu
50%
CaracasVenezuela
50%
MaracaiboVenezuela
50%
ValenciaVenezuela
50%
Ho Chi Minh CityVietnam
50%
HanoiVietnam
50%
LusakaZambia
50%
HarareZimbabwe
50%
HeratAfghanistan
25%
San MiguelArgentina
25%
KhulnaBangladesh
25%
Santa Cruz de la SierraBolivia
25%
Fort BaffinCanada
25%
Saint John'sCanada
25%
NormanCanada
25%
MacauChina
25%
SplitCroatia
25%
KisanganiDemocratic Republic of the Congo
25%
Port SaidEgypt
25%
SuezEgypt
25%
Pape'eteFrance
25%
BremesnGermany
25%
Abu`desrwaGhana
25%
San Pedro SulaHonduras
25%
KotaIndia
25%
BareillyIndia
25%
ErbilIraq
25%
Mwasi-AbùraKenya
25%
South TarawaKirabati
25%
León de los AldamaMexico
25%
TangierMorroco
25%
BeiraMozambique
25%
Cuidad de LeónNicaragua
25%
LaePapua New Guinea
25%
Al-DammanSaudi Arabia
25%
Al-MedahiaSaudi Arabia
25%
ToubaSenegal
25%
Novi SadSerbia
25%
Wallis Bay-SouthportSouth Africa
25%
Mwēbīâ-MombísaTanzania
25%
AdanaTurkey
25%
Port Saint LucieUnited States of America
25%
NomeUnited States of America
25%
BarrowUnited States of America
25%
Alexander IslesUnited States of America
25%
Fort CollinsUnited States of America
25%
BismarckUnited States of America
25%
PuebloUnited States of America
25%
Buer-BestinoCentral African Republic
0%
Kaga-BandoroCentral African Republic
0%
Porto Maria- Santo de FrescøiColombia
0%
Kari MonmaIvory Coast
0%
WaIvory Coast
0%
Hyugi IslandsKirabati
0%
Aduba-Dastin IslandsKirabati
0%
TurbatPakistan
0%
São TòmeSão Tòme and Prîncepē
0%

Score Distribution

Percentile by Number Answered

Percent of People with Each Score

Your Score History

You have not taken this quiz since the last reset